00397 a2200109 4500001001000000005001700010008004100027245011700068100002300185773006200208999001700270ART_5271620260410162034.0260409a 10aGanancias. Empleados en relación de dependencia. Reglamentación de las modificaciones para el período 20211 aDe Luca, Lorena F.0 tLiquidación de sueldosg- N° 182 (jul. 2021)wREV44399 c34315d34315